<?xml version='1.0' encoding='UTF-8'?><?xml-stylesheet href='static/style.xsl' type='text/xsl'?><OAI-PMH xmlns="http://www.openarchives.org/OAI/2.0/" xmlns:xsi="http://www.w3.org/2001/XMLSchema-instance" xsi:schemaLocation="http://www.openarchives.org/OAI/2.0/ http://www.openarchives.org/OAI/2.0/OAI-PMH.xsd"><responseDate>2026-04-30T17:54:29Z</responseDate><request verb="GetRecord" identifier="oai:ebiltegia.mondragon.edu:20.500.11984/6871" metadataPrefix="marc">https://ebiltegia.mondragon.edu/oai/request</request><GetRecord><record><header><identifier>oai:ebiltegia.mondragon.edu:20.500.11984/6871</identifier><datestamp>2025-04-16T06:15:28Z</datestamp><setSpec>com_20.500.11984_473</setSpec><setSpec>col_20.500.11984_478</setSpec></header><metadata><record xmlns="http://www.loc.gov/MARC21/slim" xmlns:dcterms="http://purl.org/dc/terms/" xmlns:xsi="http://www.w3.org/2001/XMLSchema-instance" xmlns:doc="http://www.lyncode.com/xoai" xsi:schemaLocation="http://www.loc.gov/MARC21/slim http://www.loc.gov/standards/marcxml/schema/MARC21slim.xsd">
   <leader>00925njm 22002777a 4500</leader>
   <datafield ind2=" " ind1=" " tag="042">
      <subfield code="a">dc</subfield>
   </datafield>
   <datafield ind2=" " ind1=" " tag="720">
      <subfield code="a">Baskaran, Maider</subfield>
      <subfield code="e">author</subfield>
   </datafield>
   <datafield ind2=" " ind1=" " tag="720">
      <subfield code="a">de la Calle, Amaia</subfield>
      <subfield code="e">author</subfield>
   </datafield>
   <datafield ind2=" " ind1=" " tag="720">
      <subfield code="a">Harismendy, Isabel</subfield>
      <subfield code="e">author</subfield>
   </datafield>
   <datafield ind2=" " ind1=" " tag="720">
      <subfield code="a">García Arrieta, Sonia</subfield>
      <subfield code="e">author</subfield>
   </datafield>
   <datafield ind2=" " ind1=" " tag="720">
      <subfield code="a">Elizetxea, Cristina</subfield>
      <subfield code="e">author</subfield>
   </datafield>
   <datafield ind2=" " ind1=" " tag="720">
      <subfield code="a">Aretxabaleta, Laurentzi</subfield>
      <subfield code="e">author</subfield>
   </datafield>
   <datafield ind2=" " ind1=" " tag="720">
      <subfield code="a">Aurrekoetxea, Jon</subfield>
      <subfield code="e">author</subfield>
   </datafield>
   <datafield ind2=" " ind1=" " tag="260">
      <subfield code="c">2024</subfield>
   </datafield>
   <datafield ind2=" " ind1=" " tag="520">
      <subfield code="a">In the present paper, we manufactured carbon fiber-reinforced polyamide-6 composite (CF-PA6) by resin transfer molding and compared their impact performance with an equivalent automotive grade epoxy-matrix composite (CF-Epoxy). Such comparison is pertinent as the new thermoplastic composite will compete with the traditional thermosetting composite, so impact characterization carried out at the same conditions is necessary for evaluating the possibilities of the new material. The energy dissipation capacity of the CF-PA6 was 27% higher, the maximum impact-peak load was 5% smaller, and the damage threshold was similar for both composites. Regarding residual post-impact properties of samples damaged by a 25 J impact energy, CF-PA6 retained 62% of its stiffness, 84% of its strength and 67% of its energy dissipation capacity. In contrast, CF-Epoxy retained 46%, 44% and 40% respectively. Highlights: Comparison of impact behavior between CF-PA6 (RTM) and CF-Epoxy (RTM). The damage thresholds of both composites were similar (~2.5 J). The penetration and perforation thresholds of CF-PA6 were 48% and 27% higher. Post-impact residual property: CF-PA6 retained 60% of its stiffness.</subfield>
   </datafield>
   <datafield ind1="8" ind2=" " tag="024">
      <subfield code="a">Baskaran, M., de la Calle, A., Harismendy, I., García-Arrieta, S., Elizetxea, C., Aretxabaleta, L., &amp; Aurrekoetxea, J. (2024). Impact performance comparison of carbon fiber reinforced polyamide 6 and fast-curing epoxy composites manufactured by resin transfer molding. Polymer Composites. https://doi.org/10.1002/PC.29317</subfield>
   </datafield>
   <datafield ind1="8" ind2=" " tag="024">
      <subfield code="a">0272-8397</subfield>
   </datafield>
   <datafield ind1="8" ind2=" " tag="024">
      <subfield code="a">https://katalogoa.mondragon.edu/janium-bin/janium_login_opac.pl?find&amp;ficha_no=178848</subfield>
   </datafield>
   <datafield ind1="8" ind2=" " tag="024">
      <subfield code="a">https://hdl.handle.net/20.500.11984/6871</subfield>
   </datafield>
   <datafield tag="653" ind2=" " ind1=" ">
      <subfield code="a">Impact behavior</subfield>
   </datafield>
   <datafield tag="653" ind2=" " ind1=" ">
      <subfield code="a">Resin transfer molding (RTM)</subfield>
   </datafield>
   <datafield tag="653" ind2=" " ind1=" ">
      <subfield code="a">Thermoplastic resin</subfield>
   </datafield>
   <datafield tag="653" ind2=" " ind1=" ">
      <subfield code="a">ODS 9 Industria, innovación e infraestructura</subfield>
   </datafield>
   <datafield ind2="0" ind1="0" tag="245">
      <subfield code="a">Impact performance comparison of carbon fiber reinforced polyamide 6 and fast-curing epoxy composites manufactured by resin transfer molding</subfield>
   </datafield>
</record></metadata></record></GetRecord></OAI-PMH>